00908nam a2200241 i 450000100060000000300090000600500170001500700030003200800410003502000180007608000220009410000320011624501270014826000350027530000320031049000260034265000590036870000330042783000340046085200330049499900170052795201220054415630ES-MaACL20230906151123.0t|000406s1998 sp ||||1| spa d a84-376-1675-1 a342.5(52)".../04"1 aHusson, Geneviève.96482310aInstituciones de Egipto b: de los primeros faraones a los emperadores romanos / cGeneviève Husson, Dominique Valbelle. aMadrid : bCátedra, c[1998] a399 p. : bmapas ; c21 cm.1 aHistoria. Serie menor14aInstituciones políticas-zEgipto-yHasta S.V.9138331 aValbelle, Dominique.91124500 aHistoria. Serie menor9178513 aES-MaACLjL-22800 bR.128014 c15630d15630 00104070aATENEOMbATENEOMcDEPO2d2008-01-17eSCl0oL-22800p1015889r2023-02-23 00:00:00w2023-02-23yMONOGRAFIA